HISTORIA DE LA FILOSOFIA TOMISTA EN LA ESPAÑA CONTEMPORANEA (Registro nro. 46795)
[ vista simple ]
| 000 -LEADER | |
|---|---|
| fixed length control field | 01023nam a2200181 a 4500 |
| 001 - CONTROL NUMBER | |
| control field | 46795 |
| 005 - DATE AND TIME OF LATEST TRANSACTION | |
| control field | 20180714030511.0 |
| 008 - FIXED-LENGTH DATA ELEMENTS--GENERAL INFORMATION | |
| fixed length control field | 140415s2000 sp 000 0 spa d |
| 041 ## - LANGUAGE CODE | |
| Language code of text/sound track or separate title | spa |
| 082 ## - DEWEY DECIMAL CLASSIFICATION NUMBER | |
| Classification number | 110 |
| Item number | FOR |
| 100 1# - MAIN ENTRY--PERSONAL NAME | |
| Personal name | Forment Giralt, Eudaldo,. |
| 245 10 - TITLE STATEMENT | |
| Title | HISTORIA DE LA FILOSOFIA TOMISTA EN LA ESPAÑA CONTEMPORANEA |
| 250 ## - EDITION STATEMENT | |
| Edition statement | 1a ed. |
| 260 ## - PUBLICATION, DISTRIBUTION, ETC. | |
| Place of publication, distribution, etc. | ESPAÑA : |
| Name of publisher, distributor, etc. | EDICIONES ENCUENTRO, |
| Date of publication, distribution, etc. | 2000 |
| 300 ## - PHYSICAL DESCRIPTION | |
| Extent | 365 |
| Dimensions | 22.9 x 15.1 x 2.8 |
| 520 ## - SUMMARY, ETC. | |
| Summary, etc. | EL CRITERIO DE SELECCIÓN HA SIDO EL DE PODER PRESENTAR UNA ESPECIE DE MANUAL DE FILOSOFÍA TOMISTA CONTEMPORÁNEA. LAS DISTINTAS PARTES DE LA FILOSOFÍA, QUE LO CONSTITUYEN, SE EXPONEN RESPETANDO EL ORDEN HISTORICO EN EL QUE HAN IDO APARECIENDO. LA TAREA DE ESTOS SIETE CAPITULOS NO HA SUPUESTO ESPECIAL DIFICULTAD, PORQUE ES INNEGABLE QUE EL TOMISMO, EN ESPAÑA, SOBRE TODO AL FINAL DEL SEGUNDO MILENIO, ESTÁ A LA MISMA ALTURA EN CANTIDAD Y CALIDAD, POR NO DECIR QUE SOBREPASA, QUE EN OTROS P |
| 650 14 - SUBJECT ADDED ENTRY--TOPICAL TERM | |
| Topical term or geographic name entry element | FILOSOFIA |
| General subdivision | HISTORIA |
| -- | ESPAA |
| -- | METAFISICA |
| Withdrawn status | Lost status | Source of classification or shelving scheme | Damaged status | Not for loan | Collection code | Home library | Current library | Shelving location | Date acquired | Source of acquisition | Inventory number | Total Checkouts | Full call number | Barcode | Date last seen | Price effective from | Koha item type |
|---|---|---|---|---|---|---|---|---|---|---|---|---|---|---|---|---|---|
| Dewey Decimal Classification | General | Biblioteca Karol Wojtyla | Biblioteca Karol Wojtyla | Sala general | 03/12/2013 | Compra | 151000000000000000060498 | 110 FOR | 70160 | 05/01/2026 | 03/12/2013 | Libro |